[Event "Belgrade olympia hopes"]
[Site "Belgrade"]
[Date "2002.06.29"]
[Round "4"]
[White "Kovacevic, Aleksandar"]
[Black "Perunovic, Milos"]
[Result "1/2-1/2"]
[WhiteElo "2547"]
[BlackElo "2478"]
[Annotator "Milov,V"]
[PlyCount "132"]
[EventDate "2002.06.26"]
[EventType "schev"]
[EventRounds "5"]
[EventCountry "YUG"]
[SourceTitle "CBM 091"]
[Source "ChessBase"]
[SourceDate "2002.11.12"]
[SourceVersion "1"]
[SourceVersionDate "2002.11.12"]
[SourceQuality "1"]

1. e4 c5 2. Nf3 e6 3. d4 cxd4 4. Nxd4 a6 5. Bd3 {A flexible move.} (5. Nc3 {
is the other alternative.}) 5... Bc5 (5... Nf6 6. O-O d6 ({bad is} 6... d5 7.
e5 Nfd7 $2 8. Nxe6 $1) (6... Qc7 7. Nd2 Nc6 8. Nxc6 bxc6 (8... Qxc6 $6 9. e5)
9. f4 d5 10. b3 Be7 11. Bb2 a5 12. c4 O-O 13. Qc2 h6 14. Kh1 Qb6 15. Rae1 Ng4
16. Nf3 (16. exd5 cxd5 17. cxd5 Nf2+ 18. Rxf2 Qxf2 19. Re2 $44 {
Tukmakov-Karpov, Moscow, 1973}) 16... dxe4 17. Rxe4 $1 f5 18. Re2 Ne3 19. Bd4
Nxc2 20. Bxb6 Nb4 21. Ne5 $14) 7. c4 b6 8. Nc3 Bb7 9. Be3 (9. f4 Be7 10. Qe2
O-O 11. Bd2 Nbd7 12. Rae1 g6 13. f5 $14 {Popovic-Pikula, JUG-ch 57th Banja
Koviljaca, 2002}) 9... Nbd7 10. f3 Rc8 11. Rc1 Be7 12. Qd2 O-O 13. Rfd1 Re8 14.
Bf1 Qc7 15. Kh1 Qb8 16. Bg1 Bf8 17. b4 Ne5 18. Na4 Nfd7 19. a3 d5 $2 20. cxd5
exd5 21. exd5 b5 22. Nc3 Nb6 23. Nf5 Nbc4 24. Qg5 $14 {Krushinskij-Cheorghiu,
Berlin, 1983}) 6. Nb3 Be7 (6... Ba7 7. Qg4 Nf6 8. Qg3 (8. Qxg7 $2 Rg8 9. Qh6
Bxf2+ $17) 8... d6 9. O-O Nc6 10. Nc3 O-O (10... b5 11. Kh1 Bb7 12. f4 O-O 13.
Bd2 Kh8 14. Rae1 Nb4 15. f5 Nxd3 16. cxd3 e5 17. Bg5 {with the initiative}) 11.
Bg5 $14 {Boleslavsky,I-Liberzon, V/Riga 1968/MCD (21)}) 7. Qg4 (7. O-O Nc6 8.
f4 d6 9. Qe2 Nf6 10. N1d2 Nb4 $11) 7... g6 ({the other alternative is} 7... Nf6
8. Qxg7 (8. Qg3 d6 9. O-O O-O $14) 8... Rg8 9. Qh6 Nc6 10. O-O (10. Nc3 Rxg2
11. Qh3 Rg8 12. Bd2 d5 $15) 10... Ne5 11. Qe3 (11. Nc3 b5 12. f3 b4 13. Nd1 d5
14. Qe3 Bb7 15. Nf2 Qc7 16. Qe2 Bd6 17. f4 Nxd3 18. cxd3 dxe4 19. dxe4 Bxf4 20.
Bxf4 Qxf4 21. Nc5 Qg5 22. Nfd3 Rd8 23. Rf4 Bxe4 24. Rxe4 $14) 11... d5 12. N1d2
b5 13. Nf3 Nxd3 14. cxd3 dxe4 15. dxe4 Bb7 16. Nfd2 Qc7 17. f3 Bd6 18. Qh6 $14)
8. Qe2 (8. Nc3 d6 9. Qe2 (9. f4 Nd7 10. O-O Ngf6 11. Qg3 Qc7 12. a4 b6 13. Bd2
Bb7 14. Rae1 Nc5 15. Nxc5 dxc5 16. b3 h5 $11) 9... Nd7 10. Bd2 Qc7 11. f4 Ngf6
12. g4 b5 13. a3 Bb7 14. g5 Nh5 15. Rf1 Nc5 16. Nxc5 dxc5 17. e5 Ng7 18. Be4
O-O 19. Bxb7 Qxb7 20. Ne4 Rad8 21. O-O-O b4 $15) 8... d6 9. O-O (9. c4 Nd7 10.
Nc3 Qc7 11. O-O Ne5 12. h3 Bd7 13. Be3 Rc8 14. Nd2 Nf6 15. Rac1 Nxd3 16. Qxd3
$14 {Yemelin,V-Landa,K ECC, Halkidiki GRE, 2002.}) 9... Nd7 10. c4 (10. f4 Qc7
11. a4 b6 12. Nc3 Bb7 13. Bd2 Ngf6 14. Rae1 O-O 15. f5 exf5 16. exf5 Rfe8 17.
fxg6 hxg6 18. Bg5 $14 (18. Ne4 $6 Nxe4 19. Bxe4 Bh4 20. Qg4 Nf6 $15 {
Stefansson,H-Korneev,O, Open Rejkjavik ISL,2002, 0-1})) ({Often plays} 10. Nc3
Qc7 11. a4 b6 12. Bd2 Bb7 13. Rae1 h5 14. Kh1 Ngf6 15. Bg5 h4 16. h3 Ne5 17.
Nd2 Nh5 18. Bxe7 Kxe7 19. Nf3 Nxf3 20. Qxf3 g5 $11 {McShane,L-Epishin,V 24th
Politiken Cup, Copenhagen DEN,2002 1/2}) 10... Qc7 11. Nc3 b6 {As the knight
g8 can`t move (because of Bh6), Black finishes his development on the
queenside.} 12. Be3 Bb7 13. f4 Ngf6 14. Nd2 {Strengthening the centre and
allowing the advance b2-b4, White is preparing some active operations on the
queenside.} Rd8 $6 {The rook has nothing to do here.} (14... Rc8 $142) 15. Rac1
O-O {Both sides finished mobilization of their pieces. Black`s counterplay is
connected with the pressure against the square e4 and the preparation of the
typical d6-d5 at the convenient moment.} 16. b4 Rfe8 17. h3 {White prepare
attack of a pawn b6.} Bf8 18. Qf2 Ba8 {Preventing 19.Na4} 19. Bb1 $14 {White
has a space advantage and is now trying to find vulnerable points in black
position.} Bg7 20. Bd3 Rc8 21. Rfe1 Qd8 $6 (21... Qb8) 22. Bf1 h5 $2 {
Completely unreasonable weakening the position.} ({Better is} 22... Qc7) 23.
Qg3 Nf8 $6 ({It was not necessary to withdraw the knight from the centre.
Better is} 23... Qe7) 24. Bf2 Qc7 25. c5 $5 {Opportune opening of game, the
initiative strongly has passed to white.} b5 (25... bxc5 26. bxc5 dxc5 27. e5
$1 N6d7 28. Bxa6 Rb8 29. Bb5 Red8 30. Nc4 Bc6 (30... Bd5 31. Nd6 $16) 31. a4
$16) 26. Nb3 (26. Bxb5 axb5 27. Nxb5 Qb8 28. Nxd6 Qxb4 29. N2c4 Rb8 30. Nxe8
Nxe8 31. Nb6 Bc6 32. a3 Qa5 $13) 26... N6d7 27. cxd6 Qxd6 28. Nc5 Nxc5 (28...
e5 $5 29. f5 gxf5 30. Red1 Qh6 31. exf5 Nxc5 32. Bxc5 h4 33. Qg4 $14) 29. e5 {
Thus limiting the mobility of the B g7} (29. bxc5 $6 Qe7 30. e5 Nd7 $15) (29.
Bxc5 $2 Bd4+ $17) 29... Ne4 (29... Qb8 30. Bxc5 Nd7 31. Bd6 Qa7+ 32. Kh2 Nb6
33. Qf2 Qb7 34. Bc5 $16 {with the idea Ne4-d6}) 30. Nxe4 Qxb4 31. Nd6 Rxc1 32.
Rxc1 Rd8 33. Rc7 Rxd6 $5 (33... Rd7 34. Rc8 Bb7 (34... Bd5 35. Bc5 Qa5 (35...
Qb1 36. Qf2 $16 Bxa2 $6 (36... Qxa2 $2 37. Qxa2 Bxa2 38. Ne8 Rd1 39. Nf6+ Bxf6
40. exf6 Kh7 41. Bxf8 Bc4 42. Bg7 Rxf1+ 43. Kh2 g5 44. f5 exf5 45. Rh8+ Kg6 46.
Rh6#) 37. Ne8 Rd1 38. Nf6+ Bxf6 39. exf6 Kh7 $1 40. Bxf8 Bc4 41. Bg7 Rxf1+ 42.
Kh2 Rh1+ 43. Kg3 Qd3+ 44. Qf3 g5 (44... h4+ 45. Kxh4 g5+ 46. Kxg5 Qg6+ 47. Kh4
$18) 45. Rh8+ Kg6 46. f5+ exf5 47. Rh6#) 36. Qf2 $1 $16 {With a threat of Ne8})
35. Nxb7 Rxb7 36. Bc5 Qd2 37. Qa3 Qd7 38. Ra8 (38. Rxf8+ $2 Bxf8 39. Bxf8 b4
$19) 38... b4 39. Qxa6 $18) 34. Bc5 Rd7 35. Bxb4 Rxc7 $14 36. Qa3 Bb7 37. Bd6
Rc2 38. Qb3 Rc8 39. a4 (39. Qe3 $5) 39... Bd5 $1 40. Qb4 Rc1 41. Qb2 (41. axb5
Bc4 42. Qxc4 Rxc4 43. Bxc4 axb5 44. Bxb5 $14 {White has only a symbolical
advantage.}) 41... Rd1 42. Qe2 Rc1 43. Qb2 Rd1 44. Kf2 $6 (44. Qc2 Ra1 45. axb5
axb5 46. Qb2 Ra4 47. Qxb5 Rxf4) 44... Bxg2 $1 $13 45. Bxg2 (45. Bxf8 Bxf1 46.
Bxg7 Kxg7 47. Qc2 Ra1 48. Qb2 Rd1 $11) 45... Rxd6 46. axb5 axb5 47. Qxb5 Rd2+ {
In the given endgame Black`s chances are preferable - it`s not easy for White
to protect a weak pawn f4} 48. Kg3 Bh6 49. Be4 Rd4 50. Kf3 Kg7 51. Ke3 Rd1 52.
Bc6 $6 (52. Bf3 $5 $13) 52... g5 $1 {activating the knight.} 53. fxg5 Bxg5+ 54.
Ke2 Rd4 55. Qc5 Rf4 ({Another alternative is} 55... Rd2+ 56. Kf1 Ng6 {Black`s
plan consists of attacking the pawn e5.}) 56. Qg1 Kh6 57. Qc5 Ng6 58. Kd1 {
It`s very difficult for White to defend. The bishop is practically doesn`t
participate in the game.} Rf5 59. Qa7 Kg7 $6 {Black should have kept the
knight on the board.} (59... Nxe5 $5 60. Be4 Rf4 $17) 60. Be4 Rxe5 61. Bxg6
Kxg6 62. Qb8 Bf6 63. Qb3 Bg7 (63... h4 $1 {transposing the rook to g3 (Rg5-g3)
and attacking the pawn h3.}) 64. Qg3+ Kh7 65. Qf3 Kg6 66. Qg3+ Rg5 $17 {
Black is still better here...} 1/2-1/2

[Event "BCF-ch 89th"]
[Site "Torquay"]
[Date "2002.08.02"]
[Round "5"]
[White "Ramesh, Ramachandran B"]
[Black "Emms, John M"]
[Result "1-0"]
[WhiteElo "2456"]
[BlackElo "2544"]
[Annotator "Milov,V"]
[PlyCount "55"]
[EventDate "2002.07.29"]
[EventType "swiss"]
[EventRounds "11"]
[EventCountry "ENG"]
[SourceTitle "CBM 091"]
[Source "ChessBase"]
[SourceDate "2002.11.12"]
[SourceVersion "1"]
[SourceVersionDate "2002.11.12"]
[SourceQuality "1"]

1. e4 c5 2. Nf3 e6 3. d4 cxd4 4. Nxd4 a6 5. Bd3 {A flexible move.} (5. Nc3 {
is the other alternative.}) 5... Bc5 (5... Nf6 6. O-O {bad is} d5 (6... Qc7 7.
Nd2 Nc6 8. Nxc6 bxc6 (8... Qxc6 $6 9. e5) 9. f4 d5 10. b3 Be7 11. Bb2 a5 12. c4
O-O 13. Qc2 h6 14. Kh1 Qb6 15. Rae1 Ng4 16. Nf3 (16. exd5 cxd5 17. cxd5 Nf2+
18. Rxf2 Qxf2 19. Re2 $44 {Tukmakov-Karpov, Moscow, 1973}) 16... dxe4 17. Rxe4
$1 f5 18. Re2 Ne3 19. Bd4 Nxc2 20. Bxb6 Nb4 21. Ne5 $14) (6... d6 7. c4 b6 8.
Nc3 Bb7 9. Be3 (9. f4 Be7 10. Qe2 O-O 11. Bd2 Nbd7 12. Rae1 g6 13. f5 $14 {
Popovic-Pikula, JUG-ch 57th Banja Koviljaca, 2002}) 9... Nbd7 10. f3 Rc8 11.
Rc1 Be7 12. Qd2 O-O 13. Rfd1 Re8 14. Bf1 Qc7 15. Kh1 Qb8 16. Bg1 Bf8 17. b4 Ne5
18. Na4 Nfd7 19. a3 d5 $2 20. cxd5 exd5 21. exd5 b5 22. Nc3 Nb6 23. Nf5 Nbc4
24. Qg5 $14 {Krushinskij-Cheorghiu, Berlin, 1983}) 7. e5 Nfd7 $2 8. Nxe6 $1) 6.
Nb3 Ba7 (6... Be7 7. Qg4 g6 8. Qe2 d6 9. c4 Nd7 10. Nc3 Qc7 11. O-O Ne5 12. h3
Bd7 13. Be3 Rc8 14. Nd2 Nf6 15. Rac1 Nxd3 16. Qxd3 $14 {Yemelin,V-Landa,K ECC,
Halkidiki GRE, 2002.}) 7. c4 (7. Qg4 Nf6 8. Qg3 (8. Qxg7 $2 Rg8 9. Qh6 Bxf2+
$17) 8... d6 9. O-O Nc6 10. Nc3 O-O (10... b5 11. Kh1 Bb7 12. f4 O-O 13. Bd2
Kh8 14. Rae1 Nb4 15. f5 Nxd3 16. cxd3 e5 17. Bg5 {with the initiative}) 11. Bg5
$14 {Boleslavsky,I-Liberzon, V/Riga 1968/MCD (21)}) 7... Nc6 8. Nc3 d6 9. O-O
Nf6 10. Kh1 {White starts an active play on the kingside. With the black
bishop on a7 it may be easier for White to realize his ideas.} O-O 11. f4 Qc7
12. Bd2 $14 Nd4 $5 (12... Nb4 13. Be2 Rd8 14. Rc1 $14) 13. Rc1 Nxb3 14. axb3
Bd7 15. g4 $6 (15. Qe2 Bd4 (15... Rfd8 $5 16. e5 Ne8 17. b4 $11) (15... Bc6 $6
16. b4 Qb6 17. b5 axb5 18. cxb5 Bd7 19. e5 Ne8 20. Na4 Qd8 21. Bb4 $16) (15...
Rfc8 16. e5 Ne8 17. Rce1) 16. Rce1 Qb6 17. e5 Ne8 18. Na4 Bxa4 19. bxa4 a5 $14)
15... Bc6 16. g5 Ne8 $6 (16... Nd7 $142 $5 17. b4 f5 $1 18. gxf6 (18. b5 $6 Nc5
19. Qe2 fxe4 20. Nxe4 axb5 21. cxb5 Bd5 22. b4 Nxe4 23. Bxe4 (23. Rxc7 $4 Ng3#)
23... Bxe4+ 24. Qxe4 Qf7 $15) 18... Nxf6 19. b5 Bd7 20. bxa6 bxa6 $15) 17. b4
Qe7 $6 (17... f5 $5 18. b5 fxe4 19. Nxe4 axb5 $6 (19... Bd7 $142 20. bxa6 bxa6
21. b4 Bc6 $13) 20. cxb5 Bxe4+ 21. Bxe4 Qb6 22. Qc2 g6 23. Bc3 $1 (23. Bxg6 $2
hxg6 24. Qxg6+ Ng7 25. Bc3 e5 $17) 23... Ng7 24. Bxg7 Kxg7 25. Qc3+ Kg8 26. Qd3
$16) 18. b5 axb5 19. cxb5 Bd7 20. e5 $1 {Not only freeing the square e4 and
opening the diagonal b1-h7 but also restricting the knight e8.} (20. Ra1 Qd8 (
20... Nc7 $4 21. Rxa7 Rxa7 22. b6 $18) 21. Qh5 (21. Ne2 $5 f6 22. Qb3 Bb6 23.
Bc4 Nc7 24. Rxa8 Qxa8 25. Bb4 $14) 21... Bd4 $11) 20... f5 (20... d5 $6 21. Qh5
$1 f5 $8 (21... g6 $2 22. Qh6 Kh8 23. f5 Rg8 (23... gxf5 24. Bxf5) 24. Ra1 b6
25. f6 Qf8 26. Qxf8 Rxf8 27. Rf4 Nc7 28. Rfa4 $18) 22. exf6 gxf6 23. Ra1 $1 f5
24. Nxd5 exd5 (24... Qd6 25. Nb4 Bxb5 26. Bxb5 Qxd2 27. Nd3 Ng7 28. Qf3 $16)
25. b6 Ng7 26. Qh6 Bb5 27. Rfe1 Qc5 28. Bxb5 Bxb6 29. Bc3 d4 30. Rxa8 Qd5+ (
30... Rxa8 31. Re5 Ra1+ 32. Kg2 dxc3 33. Rxc5 Bxc5 34. Bc4+ Kh8 35. bxc3 $18)
31. Kg1 dxc3+ 32. Qxb6 Rxa8 33. bxc3 $18) 21. gxf6 gxf6 22. Ne4 dxe5 (22...
fxe5 23. fxe5 Rxf1+ 24. Qxf1 d5 25. Bg5 Qf7 26. Nf6+ Nxf6 27. Bxf6 Kf8 28. Qh3
$18) 23. fxe5 f5 (23... fxe5 $2 24. Ra1 $1 $18) 24. Bh6 Ng7 25. Nf6+ $6 (25.
Bg5 $1 Qf7 26. Rc7 $18) 25... Kh8 (25... Rxf6 26. exf6 Qxf6 27. Rc7 Qxh6 28.
Rxd7 $18) 26. Qf3 $6 (26. Nh5 $5 Nxh5 27. Bxf8 Qh4 28. Be7 Ng3+ 29. Kg2 Nxf1
30. Bxh4 Ne3+ 31. Kh3 Nxd1 32. Rxd1 $16) 26... Rac8 $4 {a decisive
miscalculation} (26... Be8 $8 {would have given some chances to survive} 27.
Qh3 Bg6 28. Bg5 Qf7 29. Rc4 {with the initiative}) 27. Qxb7 Rcd8 28. Rc7 1-0

[Event "Groningen Festival"]
[Site "Groningen"]
[Date "1998.12.23"]
[Round "3"]
[White "Almasi, Zoltan"]
[Black "Milov, Vadim"]
[Result "1/2-1/2"]
[WhiteElo "2650"]
[BlackElo "2640"]
[Annotator "Milov,V"]
[PlyCount "33"]
[EventDate "1998.12.20"]
[EventType "tourn"]
[EventRounds "10"]
[EventCountry "NED"]
[EventCategory "16"]
[SourceTitle "CBM 069"]
[Source "ChessBase"]
[SourceDate "1999.04.01"]
[SourceVersion "1"]
[SourceVersionDate "1999.04.01"]
[SourceQuality "1"]

1. e4 c5 2. Nf3 e6 3. d4 cxd4 4. Nxd4 a6 5. Bd3 Nf6 6. O-O d6 7. c4 Bd7 8. Nc3
Nc6 9. Nxc6 Bxc6 10. b3 (10. a4 Be7 11. Re1 O-O 12. Bf4 Nd7 13. Bf1 Nc5 14. a5
e5 15. Be3 $14 {1-0 Gavrikov,V-Rublevsky,S/Oviedo rapid45 1992 (27)}) (10. Be3
Be7 11. Qe2 O-O 12. Rfd1 Nd7 13. Rac1 Qb8 14. Nd5 exd5 15. exd5 Ba4 16. b3 Re8
17. bxa4 Qc7 18. Qd2 g6 19. Rb1 Bf6 20. Rb3 Rab8 21. Rdb1 Rxe3 22. Qxe3 Nc5 23.
Bf1 Nxb3 24. axb3 a5 25. g3 b6 26. Re1 Kg7 27. h4 h5 28. Bd3 {1/2-1/2
Matulovic,M-Rublevsky,S/EUCup Vilnius 1995}) (10. Qe2 Be7 11. Bf4 O-O 12. Rfd1
Nd7 13. Rac1 Ne5 14. Bb1 Qb8 15. Bg3 Rc8 16. c5 Be8 17. f4 Ng6 18. cxd6 Bxd6
19. e5 Bc7 20. Kh1 Bc6 21. h4 Ne7 22. h5 h6 $13 {0-1 Korneev,O-Rublevsky,S/St.
Petersburg Petrov 1996 (35)}) 10... Be7 11. Bb2 O-O 12. Qe2 Qa5 $5 (12... Re8
13. f4 d5 14. cxd5 exd5 15. e5 Ne4 16. Nxe4 dxe4 17. Bxe4 Bb5 $13 {Arnason,
I-Toshkov,T/Yurmala/1987}) 13. Rad1 (13. f4 Qh5 14. Qxh5 Nxh5 15. Be2 $6 (15.
a4 Nf6 16. a5) 15... Nf6 16. Bf3 Rfc8 17. Ba3 Ne8 (17... Kf8 $5 18. Rad1 Ne8)
18. e5 Kf8 19. exd6 Bxd6 (19... Nxd6 $5 20. Rad1 Nf5 21. Bxe7+ Kxe7) 20. Bxd6+
Nxd6 21. Rad1 $11 {1/2-1/2 Sammalvuo,T-Rublevsky,S/Erevan olm 1996 (58)}) (13.
Nd5 $2 exd5 14. exd5 Nxd5 15. cxd5 Qxd5) 13... Qh5 (13... b5 14. Nd5 $1) 14.
Qxh5 Nxh5 15. Ba3 (15. f4 Rfd8 16. Be2 Nf6 17. Bf3 Nd7 18. Ba3 Nc5 19. Kf2 b6
20. Rd2 {1/2-1/2 Almasi,Z-Rublevsky,S/JUG-chT 1997}) 15... Rfd8 16. Bb1 (16. e5
Kf8 (16... Nf4 17. Be4 $16) 17. f4 (17. Be2 Nf4 18. exd6 $140 Bf6) 17... dxe5
18. Bxe7+ Kxe7 19. fxe5 f5 $11) 16... Nf4 $1 (16... Rd7 $6 17. Rd2 Kf8 18. Rfd1
Rad8 19. Nd5 $14) 17. g3 (17. g3 Ng6 18. f4 (18. Rd2 b5) 18... b5 19. Rd2 Rab8
20. cxb5 axb5 21. Bb4 d5 $11) 1/2-1/2

[Event "EU-Cup 18th"]
[Site "Kallithea"]
[Date "2002.09.23"]
[Round "2.4"]
[White "Palac, Mladen"]
[Black "Conquest, Stuart"]
[Result "1/2-1/2"]
[WhiteElo "2564"]
[BlackElo "2542"]
[Annotator "Milov,V"]
[PlyCount "42"]
[EventDate "2002.09.22"]
[EventType "team-swiss"]
[EventRounds "7"]
[EventCountry "GRE"]
[SourceTitle "CBM 092"]
[Source "ChessBase"]
[SourceDate "2003.02.06"]
[SourceVersion "1"]
[SourceVersionDate "2003.02.06"]
[SourceQuality "1"]
[WhiteTeam "Kiseljak"]
[BlackTeam "Clichy Echecs 92"]
[WhiteTeamCountry "BIH"]
[BlackTeamCountry "FRA"]

1. e4 c5 2. Nf3 e6 3. d4 cxd4 4. Nxd4 a6 5. Bd3 {The most flexible
continuation, White keeps an option of playing c2-c4.} (5. c4 {For a long time
this move was considered to be the most dangerous for Black. However then
there were found some active ways for Black to play against the white centre.}
Nf6 6. Nc3 Qc7 {6... Qc7 and d7-d6 are aimed for a long struggle.} (6... Bb4 {
conducts to the forced variants requiring exact play. For example:} 7. Bd3 Nc6
8. Nde2 Ne5 9. O-O O-O 10. h3 d6 11. Bf4 Ng6 12. Bh2 Qe7 13. Kh1 Rd8 14. a3 Bc5
15. b4 Ba7 16. f4 Bd7 17. e5 Ne8 18. Bxg6 hxg6 19. f5 dxe5 20. fxg6 fxg6 21.
Qc2 $14 {Grischuk-Sorokin, V Ubeda open/Ubeda ESP/2000, 1/2 (54)})) 5... Nf6 {
Another alternatives :} (5... Bc5 6. c3 Ne7 7. O-O Qc7 8. Nd2 Ng6 9. N2f3 Be7
10. Re1 d6 11. Ng5 Bxg5 12. Bxg5 Nd7 13. Qd2 O-O 14. Rad1 $14 {Anand-Karpov,
6th Corsica Masters, Bastia FRA, 1-0 (59)}) (5... Nc6 6. Nxc6 dxc6 7. Nd2 e5 8.
Nc4 Nf6 9. O-O Qc7 (9... Nd7 10. a4 a5 11. Qe1 Bc5 12. Bd2 b6 13. Kh1 Qh4 14.
Bc3 f6 15. b4 axb4 16. Bxb4 Ba6 17. a5 $14 {Korneev-Galego, V It, Santo
Antonio POR, 2002, 1-0 (35)}) 10. Bd2 (10. a4 Bc5 11. Bg5 Be6 12. Bxf6 gxf6 13.
Qf3 Ke7 14. c3 h5 15. Ne3 $14 Rag8 16. h3 Rg5 17. Rfd1 Rhg8 18. Bf1 h4 19. b4
Ba7 20. Kh1 Qc8 21. Rd2 Rd8 22. Rxd8 Qxd8 23. Rd1 $16 {Polgar-Miezis, Keres
mem Tallinn rapid 2001, 1-0 (36)}) 10... Bg4 11. Qe1 b5 12. Ne3 Bc5 13. Nxg4
Nxg4 14. Qe2 Nf6 15. b4 Bb6 16. c4 Bd4 17. Rac1 $14 {Leko-Khalifman, Match,
Budapesht HUN, 2000, 1-0 (52)}) (5... Ne7 6. O-O Nbc6 7. Nxc6 (7. c3 Ne5 8. f4
Nxd3 9. Qxd3 Qc7 10. Be3 Nc6 11. c4 b6 12. Nc3 Bb7 13. Nf3 Be7 14. Rac1 Rb8 $11
15. Rfd1 Ba8 $6 16. a3 f6 17. b4 Nd8 18. Na4 Nf7 19. c5 $14 {Polgar-Bischoff,
2nd IECC, Ohrid MKD 2001, 1-0 (33)}) 7... Nxc6 8. Be3 Be7 9. Nd2 O-O 10. c3 b5
11. a4 Rb8 12. axb5 axb5 13. b4 Bf6 14. Ra3 Ne5 15. Be2 d6 16. f4 $14 {
Almasi-Kramnik, Amber-blind 10th rapid 2001, 0-1 (38)}) 6. O-O Qc7 {
Interfering e4-e5.} (6... d6 7. c4) 7. Qe2 d6 8. c4 g6 {The bishop is moving
to the more active position on the long diagonal. The position of the bishop
d3 is not especially perspective now. However this move has its disadvantages
too: the dark squares and the pawn d6 are weakened. Another alternatives:} (
8... Be7 9. Nc3 (9. b3 Nbd7 10. Bb2 b6 11. Nc3 Bb7 12. f4 O-O 13. Kh1 Rfe8 14.
Rae1 g6 15. e5 Nh5 16. f5 $6 Nxe5 17. fxe6 fxe6 18. Nxe6 Qd7 19. Nf4 Nxf4 20.
Rxf4 Bg5 21. Re4 Bh4 22. Rf1 Nxd3 $11 {Goloshchapov-Zapata, 11th Monarch
Assurance, Port Erion IOM 2002,1-0 (68)}) 9... O-O 10. f4 Nbd7 11. Kh1 g6 (
11... b6 12. Bd2 Re8 13. Rae1 Nc5 14. e5 Nxd3 15. Qxd3 Nd7 16. exd6 Qxd6 $11 {
Adams-Spraggett, Elista olm 1998, 1/2 (36)}) 12. Nf3 b6 13. e5 Nh5 14. Ng5 Ng7
15. exd6 Bxd6 16. Nce4 Be7 $11 17. b3 h6 18. Nf3 Bb7 19. Bb2 Nh5 20. Ne5 Nxf4
$2 21. Nxd7 {Hamdouchi-Spragett, Dos Hermanas op1998, 1-0 (21)}) (8... Nbd7 9.
f4 Be7 10. Nc3 g6 11. Bd2 b6 12. Kh1 Bb7 13. Rac1 O-O 14. b4 $14 {
Dominguez-Vazquez, CUB-ch Las Tunas 2001, 1-0 (45)}) (8... Nc6 9. Nxc6 bxc6 10.
Nd2 Be7 11. Rb1 a5 12. b3 e5 13. Bb2 O-O 14. Rfd1 Bg4 15. f3 Be6 16. Nf1 Rfd8
$11 {Renet-Voskanian, Cannes op 1995, 1-0}) 9. Nc3 Bg7 10. Rd1 O-O 11. Bc2 Bd7
({more precise} 11... Nc6) 12. Bg5 $14 Nc6 13. Nxc6 (13. Nf3 $5 {x d6} Rfc8 14.
Bf4 Ne5 15. Nxe5 dxe5 16. Bg5 $14) 13... Bxc6 14. Bf4 Rfd8 15. c5 ({if} 15. Rd2
Nh5 $5 16. Bg5 Rd7 $11) 15... e5 16. cxd6 Rxd6 17. Rxd6 Qxd6 18. Rd1 Qc7 (18...
Qc5 19. Bg5 h6 20. Be3 Qb4 21. Bb1 Rc8 (21... Nxe4 $4 22. Bxe4 Bxe4 23. a3 $18)
22. a3 $14) 19. Bg5 h6 20. Bxf6 $11 ({Better is} 20. Be3 Rd8 21. Rd2 Rd7 22. f3
{the position is about equal}) 20... Bxf6 21. Bb3 ({if} 21. Nd5 Bxd5 22. exd5 (
22. Rxd5 Rc8 $11) 22... Rc8 23. Bb1 Be7 {With the idea 24... Bd6=}) 21... Kg7 (
21... Kg7 {White's agreed to a draw, the position is equal. For example:} 22.
Nd5 Qd8 23. Qg4 Bh4 24. Ne3 Qg5 25. g3 Qxg4 26. Nxg4 Bf6 $11) 1/2-1/2

[Event "EU-ch 6th"]
[Site "Warsaw"]
[Date "2005.06.22"]
[Round "5"]
[White "Smirnov, Pavel"]
[Black "Milov, Vadim"]
[Result "0-1"]
[WhiteElo "2624"]
[BlackElo "2653"]
[Annotator "Milov,V"]
[PlyCount "94"]
[EventDate "2005.06.18"]
[EventType "swiss"]
[EventRounds "13"]
[EventCountry "POL"]
[SourceTitle "CBM 108"]
[Source "ChessBase"]
[SourceDate "2005.09.26"]
[SourceVersion "1"]
[SourceVersionDate "2005.09.26"]
[SourceQuality "1"]

1. e4 c5 2. Nf3 e6 3. d4 cxd4 4. Nxd4 a6 5. Bd3 Bc5 6. Nb3 Be7 7. Qg4 g6 8. Qe2
d6 9. O-O Nd7 10. Na3 $5 h5 (10... Qc7 $5 11. Nc4 b6 (11... b5 12. Nca5 Nc5 13.
Bd2 $36) 12. Bd2 Bb7 13. Rae1 Ngf6 14. f4 (14. Bh6 d5 15. exd5 Bxd5) 14... d5
$5 (14... O-O 15. e5 Ne8 {0-1 Shomoev,A-Chuchelov,V/Warsaw POL 2005 (47)}) 15.
exd5 Nxd5 16. Ne5 Nc5 17. Nxc5 Bxc5+ 18. Kh1 O-O $13) 11. f4 Qc7 (11... h4 $5)
12. Bd2 (12. Nc4 $5 b6 (12... Ngf6 13. e5) (12... b5 13. Nca5 $36) 13. Bd2 Bb7
14. Rae1 $36) 12... Ngf6 13. Kh1 $6 (13. Rae1 e5 14. Nc4 b5 15. Ne3 Bb7 $13) (
13. Nc4 $142 e5 14. fxe5 dxe5 15. Ne3 $14) 13... h4 14. Rae1 e5 (14... h3 $5
15. g3 (15. g4 e5 $132) 15... b6) 15. Nc4 h3 $6 (15... b5 16. Ne3 (16. Nca5
exf4 17. Bxf4 h3 18. g3 Ne5) 16... Bb7 17. Qf3 exf4 (17... h3 18. g3 exf4 19.
gxf4) 18. Qxf4 Ne5 $132) 16. g3 b6 17. Qf3 Bb7 18. fxe5 dxe5 (18... Nxe5 19.
Nxe5 dxe5 20. Bg5 (20. g4 Rh7 $132 {/\Nf6-d7-f8-e6}) 20... Rh5 $1 21. Bxf6 Rf5
22. exf5 $5 (22. Bxe5 Qxe5 $13) 22... Bxf3+ 23. Rxf3 Bxf6 24. fxg6 $13) 19. g4
Rh7 20. Ne3 $2 (20. g5 $1 {Smirnov} Nh5 21. Ne3 $1 f5 $1 (21... Bxg5 22. Nd5
Bxd5 23. exd5 Bxd2 24. d6 Qa7 25. Nxd2 $16) 22. gxf6 Nhxf6 23. c4 O-O-O 24. Nd5
Nxd5 25. exd5 (25. cxd5 $5) 25... Kb8 26. Bc3 $14 {/\27.Nd2}) 20... Qc6 21. Nd5
Nxd5 22. exd5 Qxd5 23. Be4 Qxe4 $3 (23... Nf6 24. Bxd5 Bxd5 25. Qxd5 Nxd5 26.
Rxe5 $14) 24. Rxe4 Nf6 25. Rfe1 (25. Kg1 $142 Nxe4 26. Be3 Rc8 (26... f5 27.
Bxb6 {/\28.Na5} (27. gxf5 gxf5 $19) 27... Rh4 28. gxf5 Rh5 29. Be3 $1 $16) 27.
c3 Bc6 28. Qd1 (28. Qe2 Bb5) 28... Rh4 $40) 25... Nxe4 26. Rxe4 f5 $1 27. gxf5
Rh4 28. Kg1 Bxe4 29. Qg3 (29. Qc3 gxf5 30. Qxe5 Rg4+ 31. Kf2 Rg2+ 32. Ke1 Kf7
$19) 29... Bxf5 (29... gxf5 30. Qxe5 {-29.Qc3}) 30. Qxe5 Rd8 $19 {עg1,Nb3} 31.
Kf1 Re4 32. Qg7 Bh4 {/\33...Rd2} 33. Qh8+ Kf7 34. Qh7+ Ke6 35. Qh6 Rd7 {
/\36...Rf7} (35... Bf6 36. Qh7 $8) 36. c3 Rf7 37. Be3 (37. Nd4+ Rxd4 38. cxd4
Bd3+) 37... Kd7 38. Nd2 Rg4 39. Ke2 Re7 $2 (39... Bc2 {/\40...Rg2}) 40. Kf3 Bf6
41. Qf8 Be5 42. Qa8 (42. Qg8 Bxh2 43. Nc4 Be6 44. Nxb6+ Kc7 $19) 42... Bxh2 43.
Qd5+ Bd6 44. c4 (44. Qb7+ Ke6) 44... Rg3+ 45. Kf2 Rgxe3 46. Qb7+ Kd8 47. Qd5
Kc7 0-1